| 000 | 00865cam a2200277 4500 | ||
|---|---|---|---|
| 008 | 090401t1994 xxu||||| |||| 00| 0 eng d | ||
| 020 | _a0947763910 | ||
| 035 | _a(Sirsi) u62509 | ||
| 041 | _aeng | ||
| 050 | _a306.2 | ||
| 100 | _aDixon, Timothy | ||
| 245 | _aFlats as a way of life: flat management companies in England and Wales. | ||
| 260 |
_aReading _bCollege of Estate Management _c1994 |
||
| 300 | _axii,113p. ; 30cm. | ||
| 350 | _a9.95 | ||
| 490 | _aCollege of Estate Management Research Paper | ||
| 520 | _aResearch project funded by the Joseph Rowntree Foundation. | ||
| 650 | _aFLAT MANAGEMENT COMPANIES | ||
| 650 | _aJOSEPH ROWNTREE FOUNDATION | ||
| 650 | _aMANAGEMENT COMPANIES | ||
| 690 |
_aBlock management _96220 |
||
| 700 | _aPottinger, Gaye | ||
| 710 |
_aCollege of Estate Management _9400 |
||
| 942 | _n0 | ||
| 948 | _c04/03/1997 | ||
| 999 |
_c94427 _d94427 |
||